00226 a2200097 4500000002500000020001800025100002000043245003100063260002000094264001400114 nam a22 7a 4500 a9781032527802 aReddy,Chandan K aHealth Care Data Analytics bCRC Pressc2023 bCRC Press